00863nam a2200265 i 4500001000400000100003600004245008600040260004500126300002100171490002100192504002900213650001100242650002100253651003700274655001200311700002200323830002100345040000800366041000800374942000700382008004100389999001700430856009800447952005200545bgj1 aTROLLOPE, Anthonyd(1815-1882).10aBarchester Towers /cby Anthony Trollope ; with an afterword by Robert W. Daniel. aNew York :bNew American Library,c1963. aX, 535 ;c18 cm.1 aA Signet Classic aBibliography p. 534-535. 9aClergy 9aDomestic fiction 9aEnglandxSocial life and customs aFiction1 aDANIEL, Robert W. aA Signet Classic cBPK0 aeng cKS s uk f |000 0 eng  c47513d47513 uhttp://koha.tu.koszalin.pl/cgi-bin/koha/opac-detail.pl?biblionumber=47513yKatalog online BPK 00104070aBPKbBPKckwoKA 3873p09020160yKS